[Event "De los Reyes op 21st"]
[Site "De los Reyes"]
[Date "2019.12.07"]
[Round "8"]
[White "Ramos Fernandez, Pedro"]
[Black "Rodriguez Valdeavaro, Julio C"]
[Result "1/2-1/2"]
[WhiteElo "2008"]
[BlackElo "1778"]
[PlyCount "98"]
[EventDate "2019.11.30"]
[EventType "swiss"]
[EventRounds "9"]
[EventCountry "ESP"]
[SourceTitle "CBM 193 Extra"]
[Source "ChessBase"]
[SourceDate "2020.01.31"]
[SourceVersion "1"]
[SourceVersionDate "2020.01.31"]
[SourceQuality "1"]

1. e4 c6 2. d4 d6 3. Nc3 Nf6 4. Nf3 g6 5. Be2 Bg7 6. 0-0 0-0 7. Bg5 Qc7 8. Qd2 b5 9. a3 Nbd7 10. Bh6 Bb7 11. Bxg7 Kxg7 12. Rfe1 e5 13. Rad1 a6 14. Bf1 Rac8 15. dxe5 dxe5 16. g3 Nb6 17. Qd6 Rfe8 18. b3 c5 19. Bh3 Qxd6 20. Rxd6 Rc6 21. Red1 b4 22. Rxc6 Bxc6 23. Rd6 Bd7 24. Bxd7 Nbxd7 25. axb4 cxb4 26. Nd5 Re6 27. Nxf6 Rxf6 28. Rxd7 Rxf3 29. Rc7 Rf6 30. Kf1 Rb6 31. Ke2 Kf6 32. h4 h5 33. Kd3 Rd6+ 34. Ke3 Ke6 35. f4 Rd1 36. Rc6+ Rd6 37. Rc4 Rb6 38. Rc5 Rb5 39. Rc6+ Ke7 40. Rxa6 Rc5 41. fxe5 Rxc2 42. Rd6 Rg2 43. Kf3 Rb2 44. Rd3 Ke6 45. Kf4 Rf2+ 46. Ke3 Rg2 47. Kd4 Rc2 48. Rf3 Ke7 49. Rd3 Ke6 1/2-1/2

[Event "De los Reyes op 21st"]
[Site "De los Reyes"]
[Date "2019.12.04"]
[Round "5"]
[White "Diez Cuarental, Luis Pablo"]
[Black "Rodriguez Valdeavaro, Julio C"]
[Result "0-1"]
[WhiteElo "1208"]
[BlackElo "1778"]
[PlyCount "64"]
[EventDate "2019.11.30"]
[EventType "swiss"]
[EventRounds "9"]
[EventCountry "ESP"]
[SourceTitle "CBM 193 Extra"]
[Source "ChessBase"]
[SourceDate "2020.01.31"]
[SourceVersion "1"]
[SourceVersionDate "2020.01.31"]
[SourceQuality "1"]

1. e4 c5 2. Nf3 d6 3. d4 cxd4 4. Nxd4 Nf6 5. Nc3 Nc6 6. Nb3 e6 7. Be3 a6 8. Be2 Be7 9. Qd2 b5 10. f4 b4 11. Nd1 Nxe4 12. Qd3 d5 13. Nf2 Nd6 14. Nd4 Bd7 15. a3 Nc4 16. Nxc6 Bxc6 17. axb4 Nxe3 18. Qxe3 Bxb4+ 19. c3 d4 20. Qc1 dxc3 21. bxc3 Bc5 22. 0-0 a5 23. Rd1 Qb6 24. Rf1 0-0 25. Rb1 Qa7 26. Qc2 Rfd8 27. Bd3 g6 28. Be4 Bxe4 29. Qxe4 Rd2 30. Qf3 Rad8 31. Rb7 Bxf2+ 32. Rxf2 Rd1+ 0-1

[Event "Rutas de Cuenca op 6th"]
[Site "Cuenca"]
[Date "2019.07.20"]
[Round "4"]
[White "Rodriguez Valdeavaro, Julio C"]
[Black "Ponce Moratalla, David"]
[Result "1/2-1/2"]
[WhiteElo "1831"]
[BlackElo "1636"]
[PlyCount "126"]
[EventDate "2019.07.19"]
[EventType "swiss"]
[EventRounds "7"]
[EventCountry "ESP"]
[SourceTitle "CBM 195 Extra"]
[Source "ChessBase"]
[SourceDate "2020.05.31"]
[SourceVersion "1"]
[SourceVersionDate "2020.05.31"]
[SourceQuality "1"]

1. Nf3 Nf6 2. c4 e6 3. g3 d5 4. Bg2 c6 5. b3 Be7 6. Bb2 0-0 7. 0-0 Nbd7 8. d4 Rb8 9. a4 Re8 10. Nbd2 Bb4 11. Qc2 a5 12. Rfd1 b5 13. Ne5 Nxe5 14. dxe5 Nd7 15. axb5 cxb5 16. cxd5 exd5 17. f4 Qb6+ 18. Kh1 Bb7 19. Nf3 Rbc8 20. Qf5 Qe6 21. Qd3 Nc5 22. Qxb5 Ba6 23. f5 Qh6 24. Bc1 Bxb5 25. Bxh6 gxh6 26. Rxd5 Bxe2 27. Nd4 Ba6 28. Rd6 Red8 29. Nc6 Rxd6 30. exd6 Rxc6 31. Bxc6 Bb7 32. Bxb7 Nxb7 33. d7 f6 34. Rc1 Kf7 35. Rc8 Ke7 36. Rh8 Kxd7 37. Rxh7+ Kc6 38. Rxh6 Bc3 39. g4 Kd5 40. Rh3 Kd4 41. Rf3 Nc5 42. g5 fxg5 43. f6 Ne6 44. f7 Bb4 45. Rf6 Ke5 46. Rf1 Nf8 47. Kg2 Kd5 48. Rf2 Ng6 49. Kf1 Ke4 50. Rf6 Nf8 51. Ke2 Kd4 52. Rf3 Ng6 53. Kd1 Ke5 54. Kc2 Ke6 55. Rf1 Be7 56. Kc3 Nf4 57. h4 Kxf7 58. hxg5 Bxg5 59. Kc4 Ke6 60. Kb5 Kd5 61. Rd1+ Ke4 62. Kxa5 Ne6 63. b4 Bd8+ 1/2-1/2